Drapeaux de pays avec le plus de vert - Statistiques

Statistiques générales
  • Ce quiz a été pris 13 527 fois
  • Le résultat moyen est 11 sur 15
Statistiques - réponses
Par images Hint Réponse % Correct
68.8% Brésil
99%
91.6% Arabie Saoudite
98%
46.0% Algérie
97%
66.7% Nigeria
93%
68.9% Pakistan
90%
79.0% Bangladesh
88%
83.5% Turkménistan
75%
54.8% Mauritanie
71%
49.0% Burkina Faso
69%
44.9% Togo
68%
74.6% Zambie
66%
65.9% Dominique
57%
49.8% Guyana
53%
52.8% Sao Tomé-et-Principe
49%
45.0% Salomon
41%
Aucun quiz correspondant
Distribution des résultats
% des personnes avec chaque résultat
Percentile par nombre de réponses
Votre historique - résultats
Vous n’avez pas pris ce quiz